| 000 | 00635nam a2200181Ia 4500 | ||
|---|---|---|---|
| 003 | SGT | ||
| 020 | _a9780130355485 | ||
| 082 |
_a5.8 _bCHA |
||
| 100 | _aPfleeger,Charles P | ||
| 245 | _aSecurity in computing | ||
| 250 | _a3rd Ed. | ||
| 260 |
_bPHI Learning Private Limited _aNew Delhi _c2003 |
||
| 300 | _a746p. | ||
| 650 | _aCOMPUTER SCIENCE | ||
| 653 | _aIS THERE A SECURITY PROBLEM IN COMPUTING, ELEMENTARY CRYPTOGRAPHY, PROGRAM SECURITY, PROTECTION IN GENERAL-PURPOSE OPERATING SYSTEM, DESIGNING TRUSTED OPERATING SYSTEM, SECURITY IN NETWORK, ADMINISTERING SECURITY, | ||
| 700 | _aPfleeger,Shari Lawrence | ||
| 942 |
_2ddc _cBK |
||
| 999 |
_c5676 _d5676 |
||